000 00671nam a22002177a 4500
005 20251108175030.0
008 250721s2010 xx 000 0 ara d
082 1 4 _a515/كتك
100 1 _aكتكت، محمود محمد
245 1 0 _aمبادئ التحليل المركب /
250 _aشرعية مزيدة و منقحة .
264 1 _aعمان :
_bعماد الدين للنشر و التوزيع،
_c2010.
300 _a478ص.
650 1 7 _aالعلوم
650 1 7 _aالرياضيات
650 1 7 _aالتحليل الرياضي
650 1 7 _aحساب التفاضل
650 1 7 _aحساب التكامل
942 _2ddc
_cBK
999 _c124447
_d124447